Food origins - Statistics

General Stats
  • This quiz has been taken 18 times
  • The average score is 7 of 8
Answer Stats
Picture Answer % Correct
Mexico
100%
Italy
94%
Japan
88%
Uk
82%
Spain
76%
Turkiye / Germany
76%
France
71%
India
65%
No matching quizzes found
Score Distribution
Percent of People with Each Score
Percentile by Number Answered
Your Score History
You have not taken this quiz